000
00195nam a22000857a 4500
008
170208b xxu||||| |||| 00| 0 eng d
100
_9
2808
_a
Jain.L.M
245
_a
Waggs
260
_a
New delhi
_b
SB
_c
2007
999
_c
6023
_d
6023